| 000 | 00515nam a2200205Ia 4500 | ||
|---|---|---|---|
| 003 | BUBTL | ||
| 008 | 151213s9999 xx 000 0 und d | ||
| 020 | _a0-900739-924 | ||
| 082 | _a677KLP | ||
| 100 | _aW.Klein | ||
| 245 | _aA Practical Guide To Opening And Carding | ||
| 260 |
_aU K _bThe Textile Institute _cc1987 |
||
| 300 |
_a114p. _bills. _c28cm. |
||
| 650 | _aTextile | ||
| 650 | _aTextile | ||
| 700 | _aW.Klein | ||
| 856 |
_k0 _l0 _yDownload |
||
| 942 |
_2ddc _cBK |
||
| 999 |
_c4080 _d4080 |
||